BIBLIOTHÈQUE DE LA MAISON DU MEXIQUE

Logo 1 Logo 2

Fascinación de la memoria (notice nᵒ 2753)

détails MARC
000 -Sello discográfico
campo de control de longitud fija 00878nam a2200265 4500
005 - Identificación de versión
campo de control 20251016083402.0
010 ## - Número Estándar Internacional de Libros (ISBN)
Número (ISBN) 959-10-0151-7
099 ## - fechas locales
Tipo de ítem Koha LIBRO
100 ## - Datos de procesamiento general
Datos de procesamiento general 19980212d1993 m y1spay5003 ba
105 ## - Campo de datos codificados: Material textual, monográfico
Datos codificados de monografía y 001cy
200 1# - Título y mención de responsabilidad
Título propio Fascinación de la memoria
Designación general del material texto impreso
Primer mención de responsabilidad José Lezama Lima
Declaración de responsabilidad subsiguiente selección y prólogo Iván González Cruz
210 ## - Publicación, distribución, etc.
Lugar de publicación, distribución, etc. La Habana
Nombre del editor, distribuidor, etc. Editorial Letras Cubanas
Fecha de publicación, distribución, etc. 1993
215 ## - Descripción física
Designación de material específico y extensión del ítem 280 p
Dimensiones 19 cm
300 ## - Notas generales
Texto de la nota Con un estudio sobre Origenes de Cintio Vitier
345 ## - Nota de información de adquisición
Fuente de adquisición/dirección de la suscripción [OBSOLETO] Donación Flora Sallembien
700 ## - Nombre personal - Responsabilidad primaria
Elemento de entrada Lezama Lima
Parte del nombre distinta del elemento de entrada José
Fechas 1910-1976
Número Koha 5656
702 ## - Nombre personal - Responsabilidad secundaria
Elemento de entrada González Cruz
Parte del nombre distinta del elemento de entrada Iván
Fechas 1967-
Número Koha 6092
801 #0 - Fuente de origen
País FR
Agencia cm
Reglas de catalogación (convenciones descriptivas) AFNOR
900 ## -
-- 1/15833
900 ## -
-- 710987400\\120298
942 ## - ELEMENTOS DE ENTRADA SECUNDARIOS (KOHA)
Tipo de ítem Koha Livre
996 ## -
-- MEX
-- 751145101
-- MMAG
-- 002146
-- CU868.4 L686F
-- 20120229LIV
Exemplaires
Estatus retirado Estado de daño Estado de pérdida Fecha de adquisición Biblioteca de origen Biblioteca actual Ubicación en estantería Código de barras Precio de reemplazo Signatura topográfica completa No para préstamo Tipo de ítem Koha Nota pública Nota no pública
      05/08/2025 Casa México Paris Casa México Paris   002146 05/08/2025 CU868.4 L686F   Livre 20120229LIV 751145101